| 000 | 00620nam a22001937a 4500 | ||
|---|---|---|---|
| 008 | 140123b xxu||||| |||| 00| 0 eng d | ||
| 020 | _a0002721910 | ||
| 050 | _aPG3476.B78Z64 1992 | ||
| 100 |
_aBulgakov, Mikhail _96994 |
||
| 245 |
_aManuscripts don't burn _bA Life in letters and diaries |
||
| 260 |
_aLondon _bHarvill _c1992 |
||
| 300 |
_axiv; 306p. _c22cm |
||
| 440 |
_aHarvill paperbacks _nn.117 _96995 |
||
| 650 |
_aBulgakov, Mikhail - Correspondence _96996 |
||
| 650 |
_aBulgakov, Mikhail _96997 |
||
| 658 | _aBulgakov, Mikhail - Diaries | ||
| 700 |
_aCurtis, Julie A. E. (ed) _96998 |
||
| 942 |
_2lcc _cMONOGRAPH |
||
| 999 |
_c119670 _d119670 |
||